| 000 | 00000nam##2200000za#4500 |
| 001 | 9.578041 |
| 003 | CaOODSP |
| 005 | 20210624185911 |
| 007 | cr ||||||||||| |
| 008 | 150406|1984||||xxc|||||o f|0| 0 eng|d |
| 022 | |a1488-5387 |
| 040 | |aCaOODSP|beng |
| 043 | |an-cn--- |
| 086 | 1 |aFs97-4/1822E-PDF |
| 110 | 1 |aCanada. |bDepartment of Fisheries and Oceans. |
| 245 | 14|aThe Koksilah River : |h[electronic resource]|bstreamflows and salmon production / |cby B.D. Tutty. |
| 260 | |aNanaimo - British Columbia : |bFisheries and Oceans Canada |cOctober 1984. |
| 300 | |a65p.|bfigs., graphs, maps, tables |
| 490 | 1 |aCanadian manuscript report of fisheries and aquatic sciences|x1488-5387|vNo. 1822 |
| 500 | |aThe catalogue number (Fs97-4/1822E) and ISSN (0706-6473) for the print edition have been incorrectly copied in this electronic publication. |
| 504 | |aBibliography. |
| 546 | |a(Résumés en français) |
| 590 | |a13-27-Supp|b2013-11-15 |
| 690 | 07|aFisheries management|2gcpds |
| 690 | 07|aSalt water fish|2gcpds |
| 720 | 1 |aTutty, B. D. |
| 830 | #0|aCanadian manuscript report of fisheries and aquatic sciences,|x1488-5387|vNo. 1822|w(CaOODSP)9.505211 |
| 856 | 40|ahttp://publications.gc.ca|qPDF|s10.68 MB|uhttps://publications.gc.ca/collections/collection_2013/mpo-dfo/Fs97-4-1822-eng.pdf|yNo. 1822 |